000 00358cam a22001217a 4500
008 180718b1899 xxu||||| |||| 00| 0 eng d
082 _aA6x42 J498
100 _aJessopp, Augustus
245 _aThe Coming of the Friars, and other historic essays
_cby Augustus Jessopp
260 _aLondon
_bT. Fisher Unwin
_c1899
300 _a344p.
650 _aU.K. - History
999 _c371316
_d371316